000 00265nam a22001217a 4500
003 SGT
082 _bBAL
100 _aBALASUBRAMANIAN, G.
245 _aJOURNAL OF EMERGING MARKET FINANCE
260 _aINDIA
_bSAGE PUB.
_c2022
300 _a503
942 _2ddc
_cBV
999 _c29876
_d29876